| 000 | 00436nam a2200157Ia 4500 | ||
|---|---|---|---|
| 008 | 220204s9999 xx 000 0 und d | ||
| 082 |
_a678.062/.063 _bMOS |
||
| 100 | _aMoseley, R J | ||
| 245 | 0 | _aPhysico mechanical testing of unvulcanised and vulcanised rubber | |
| 260 |
_aLondon _bMaclaren _c1962 |
||
| 650 | _aOzone resistance | ||
| 650 | _arubber fatigue | ||
| 650 | _aTread rubber | ||
| 650 | _aVucanised rubber | ||
| 942 | _cBK | ||
| 999 |
_c19977 _d19977 |
||